| 000 | 004810000a22001810004500 | ||
|---|---|---|---|
| 001 | 004212 | ||
| 003 | MACL | ||
| 005 | 20151006153820.0 | ||
| 008 | 151006b xxu||||| |||| 00| 0 eng d | ||
| 040 |
_aMACL _cMACL |
||
| 041 | _aEnglish | ||
| 082 | _a910/SEN | ||
| 100 |
_aVenkataraman, Rama _96467 |
||
| 245 |
_aLadakh _bA Himalayan Treasure _cRama Venkataraman |
||
| 260 |
_aDehra Dun _c2000 _bBishen Singh Mahendra Pal Singh, |
||
| 650 |
_aGeography _913919 |
||
| 942 |
_k910 _cBK _2ddc |
||
| 999 |
_c16103 _d16103 |
||